| Tag |
First Indicator |
Second Indicator |
Subfields |
| LEADER |
00000cas a2200000 a 4500 |
| 001 |
in00001207430 |
| 005 |
20151002091929.0 |
| 008 |
810127d19421942nyuar 0 a0eng d |
| 010 |
|
|
|a sn 84042829
|
| 019 |
|
|
|a 05767582
|a 13180904
|
| 035 |
|
|
|a (OCoLC)07085570
|
| 035 |
|
|
|9 AGQ3204AM
|
| 040 |
|
|
|a MNM
|c MNM
|d HUL
|d OCL
|d NYG
|d NST
|d DLC
|d TXA
|d UtOrBLW
|
| 042 |
|
|
|a lcd
|
| 043 |
|
|
|a n-us---
|
| 049 |
|
|
|a TXAE
|
| 086 |
0 |
|
|a Ju 11.7/2:
|
| 090 |
|
|
|a KF6324
|b .U5
|
| 110 |
1 |
|
|a United States.
|b Board of Tax Appeals.
|
| 245 |
1 |
0 |
|a BTA-TC memorandum decisions :
|b containing the full text of all memorandum decisions of the Board of Tax Appeals and the Tax Court of the United States rendered during ...
|
| 246 |
1 |
0 |
|a B.T.A.-T.C. memorandum decisions
|
| 246 |
1 |
0 |
|a BTA and TC memorandum decisions
|
| 246 |
1 |
8 |
|a B.T.A. and T.C. memorandum decisions
|
| 264 |
|
1 |
|a New York, N.Y. :
|b Prentice-Hall,
|c [1945]
|
| 264 |
|
4 |
|c ©1945
|
| 300 |
|
|
|a 1 volume ;
|c 24 cm.
|
| 310 |
|
|
|a Annual
|
| 336 |
|
|
|a text
|b txt
|2 rdacontent
|
| 337 |
|
|
|a unmediated
|b n
|2 rdamedia
|
| 338 |
|
|
|a volume
|b nc
|2 rdacarrier
|
| 362 |
0 |
|
|a Vol. 11 (1942).
|
| 580 |
|
|
|a Continued in 1943 by: United States. Tax Court. TC memorandum decisions.
|
| 650 |
|
0 |
|a Income tax
|z United States
|x Case studies.
|
| 650 |
|
0 |
|a Taxation
|z United States
|x Case studies.
|
| 710 |
2 |
|
|a Prentice-Hall, Inc.
|
| 710 |
1 |
|
|a United States.
|b Tax Court.
|
| 780 |
0 |
0 |
|a United States. Board of Tax Appeals.
|t BTA memorandum decisions
|w (DLC)sn 84042830
|w (OCoLC)5767449
|
| 785 |
1 |
0 |
|a United States. Tax Court.
|t TC memorandum decisions
|w (DLC)sn 84042831
|w (OCoLC)6958102
|
| 948 |
|
|
|a t2
|
| 999 |
|
|
|a MARS
|
| 999 |
f |
f |
|s 933fe6c7-e968-39e7-87c2-198b9fc4dd0f
|i 7123deb0-af55-3b4a-8308-a9c26296e81f
|t 0
|
| 952 |
f |
f |
|p normal
|a Texas A&M University
|b College Station
|c Sterling C. Evans Library
|d Evans: US Documents (Annex 5th floor)
|t 0
|e Ju 11.7/2:
|h Superintendent of Documents classification
|i unmediated -- volume
|k v.11
|l 1942
|m A14827031443
|
| 952 |
f |
f |
|p ric
|a Texas A&M University
|b Rellis Campus
|c Joint Library Facility
|d Remote Storage
|t 0
|e KF6324 .U5
|h Library of Congress classification
|i unmediated -- volume
|k v.11
|l 1942
|m A14817421434
|
| 998 |
f |
f |
|a KF6324 .U5
|s v.11 (1942)
|t 0
|l Remote Storage
|
| 998 |
f |
f |
|a Ju 11.7/2:
|s v.11 (1942)
|t 0
|l Evans: US Documents (Annex 5th floor)
|